Classifica Marcatori La Liga 2011-2012 - Statistics

Statistiche generali
  • Questo quiz è stato fatto 11 volte
  • Il punteggio medio è 8 su 16
Statistiche sulle risposte
Gol Nazione Squadra Calciatore % Corretto
46 Portogallo Real Madrid Cristiano Ronaldo
100%
21 Francia Real Madrid Karim Benzema
100%
50 Argentina Barcellona Lionel Messi
100%
22 Argentina Real Madrid Gonzalo Higuaín
91%
12 Cile Barcellona Alexis Sánchez
82%
24 Colombia Atletico Madrid Radamel Falcao
82%
17 Spagna Athletic Bilbao Fernando Llorente
64%
14 Spagna Siviglia Álvaro Negredo
55%
17 Spagna Valencia Roberto Soldado
55%
12 Messico Real Sociedad Carlos Vela
36%
11 Venezuela Malaga Salomón Rondón
27%
16 Spagna Betis Rubén Castro
18%
15 Costa d'Avorio Levante Arouna Koné
9%
15 Spagna Rayo Vallecano Michu
9%
12 Venezuela Getafe Miku
9%
11 Spagna Osasuna Raúl García
9%
Nessun quiz corrispondente trovato
Distribuzione punteggi
Percentuale di utenti per punteggio
Percentile per numero di risposta
I tuoi punteggi nel tempo
Non hai fatto questo quiz